Killer bunnies (Record no. 407792)
[ view plain ]
| 000 -LEADER | |
|---|---|
| fixed length control field | 00540crm a2200193 i 4500 |
| 005 - DATE AND TIME OF LATEST TRANSACTION | |
| control field | 20250513121950.0 |
| 008 - FIXED-LENGTH DATA ELEMENTS--GENERAL INFORMATION | |
| fixed length control field | 250513b |||||||| |||| 00| 0 eng d |
| 040 ## - CATALOGING SOURCE | |
| Description conventions | rda |
| 092 ## - LOCALLY ASSIGNED DEWEY CALL NUMBER (OCLC) | |
| Item number | Games |
| 245 ## - TITLE STATEMENT | |
| Title | Killer bunnies |
| 264 ## - Production, Publication, Distribution, Manufacture, and Copyright Notice. | |
| Place of production, publication, distribution, manufacture | North Hollywood, CA : |
| Name of producer, publisher, distributor, manufacturer | Playroom Entertainment, |
| Date of production, publication, distribution, manufacture, or copyr | 2002 |
| 300 ## - PHYSICAL DESCRIPTION | |
| Extent | Includes165 large cards, 36 small cards, 6 twelve-side dice and instructions. |
| 520 ## - SUMMARY, ETC. | |
| Summary, etc | Age 12+ 2-8 players |
| 521 ## - TARGET AUDIENCE NOTE | |
| Target audience note | Adult |
| 942 ## - ADDED ENTRY ELEMENTS (KOHA) | |
| Source of classification or shelving scheme | Dewey Decimal Classification |
| Koha item type | Games |
| Withdrawn status | Lost status | Source of classification or shelving scheme | Damaged status | Not for loan | Collection code | Home library | Current library | Shelving location | Date acquired | Total Checkouts | Total Renewals | Full call number | Barcode | Date last seen | Date checked out | Price effective from | Koha item type |
|---|---|---|---|---|---|---|---|---|---|---|---|---|---|---|---|---|---|
| Dewey Decimal Classification | Games | Wasatch County Library | Wasatch County Library | Main Floor Magazine Area | 05/13/2025 | 4 | 1 | Games Adult Killer Bunnies | 34301001683756 | 03/11/2026 | 03/10/2026 | 05/13/2025 | Games |
